000 00493nam a2200157Ia 4500
999 _c20806
_d20806
003 OSt
005 20200622125347.0
008 190216s9999||||xx |||||||||||||| ||und||
040 _coclc
082 _a954.02072
_bNIZ/H
100 _aNizami, K A
_92334
245 0 _aOn History And Historians Of Medieval India /
_cK A Nizami
260 _bMunshiram Manoharlal Pub Pvt Ltd,
_c1983.
_aNew Delhi:
300 _a267p
942 _cBK
_2ddc
_h954.02072
_iNIZ/H
_k954.02072
_mNIZ/H